LIBRARY & INFORMATION CENTRE, KCAET, TAVANUR

ONLINE PUBLIC ACCESS CATALOGUE (OPAC)

Introduction to graph theory / (Record no. 10820)

MARC details
000 -LEADER
fixed length control field 00321cam a2200133ua 4500
020 ## - INTERNATIONAL STANDARD BOOK NUMBER
ISBN 9788131706985
082 ## - DEWEY DECIMAL CLASSIFICATION NUMBER
Classification number 511.5
Item number WIL/IN
100 ## - MAIN ENTRY--AUTHOR NAME
Personal name Wilson, Robin J .
245 ## - TITLE STATEMENT
Title Introduction to graph theory /
250 ## - EDITION STATEMENT
Edition statement 4 /
260 ## - PUBLICATION, DISTRIBUTION, ETC. (IMPRINT)
Place of publication London :
Name of publisher Longman Group Limited ,
Year of publication 2000.
300 ## - PHYSICAL DESCRIPTION
Number of Pages 171 ; .
942 ## - ADDED ENTRY ELEMENTS (KOHA)
Koha item type Books
Holdings
Withdrawn status Lost status Damaged status Home library Current library Date acquired Full call number Accession Number Koha item type
      KAUAET KAUAET 07/04/2012 511.5 20684 Books
free website counter